000 00621nam a2200217Ia 4500
005 20241129120231.0
008 241129s9999||||xx |||||||||||||| ||und||
020 _a9781478010906
037 _aTB
040 _aSDCL
_beng
_cSDCL
041 _aeng
_2eng
084 _aR:(W), R0
_qSDCL
100 _aBanerjee Prathama
_9426815
245 0 _aElementary aspects of the political: Histories from the global south
260 _aDhurham
_bDuke University Press Londan
_c2020
300 _a274p.
365 _aUSD
_b27.95
650 _aPolitical Science
942 _cTB
_hR:(W), R0
999 _c1233930
_d1233930